[Event "SVK-chT1W 2122"]
[Site "Slovakia"]
[Date "2022.03.19"]
[Round "5.7"]
[White "Breja, Stanislav"]
[Black "Skrinar, Marek"]
[Result "1/2-1/2"]
[WhiteElo "1889"]
[BlackElo "1677"]
[PlyCount "29"]
[EventDate "2021.11.06"]
[EventType "team-tourn"]
[EventRounds "11"]
[EventCountry "SVK"]
[SourceTitle "EXT 2023"]
[Source "ChessBase"]
[SourceDate "2022.10.05"]
[SourceVersion "1"]
[SourceVersionDate "2022.10.05"]
[SourceQuality "1"]
[WhiteTeam "Bratislava Slovan III"]
[BlackTeam "Bratislava Slovan II"]
[WhiteTeamCountry "SVK"]
[BlackTeamCountry "SVK"]

1. e4 c6 2. d4 d5 3. e5 Bf5 4. c3 e6 5. Be3 Bg6 6. Nd2 Nd7 7. Qb3 Qb6 8. f4 Ne7 9. c4 Qxb3 10. axb3 Nf5 11. Bf2 Bb4 12. Ngf3 Bh5 13. Be2 Bxf3 14. Bxf3 h5 15. Ke2 1/2-1/2

[Event "SVK-chT1W 2122"]
[Site "Slovakia"]
[Date "2022.02.27"]
[Round "4.7"]
[White "Breja, Stanislav"]
[Black "Mysiak, Juraj"]
[Result "0-1"]
[WhiteElo "1889"]
[BlackElo "1849"]
[PlyCount "70"]
[EventDate "2021.11.06"]
[EventType "team-tourn"]
[EventRounds "11"]
[EventCountry "SVK"]
[SourceTitle "EXT 2023"]
[Source "ChessBase"]
[SourceDate "2022.10.05"]
[SourceVersion "1"]
[SourceVersionDate "2022.10.05"]
[SourceQuality "1"]
[WhiteTeam "Bratislava Slovan III"]
[BlackTeam "Povazska Bystrica"]
[WhiteTeamCountry "SVK"]
[BlackTeamCountry "SVK"]

1. e4 Nf6 2. e5 Nd5 3. Bc4 Nb6 4. Bb3 d5 5. d4 Bf5 6. Be3 e6 7. Nf3 N8d7 8. 0-0 Be7 9. Nbd2 0-0 10. Re1 Bg4 11. h3 Bh5 12. c3 c5 13. Bc2 Bg6 14. Bxg6 hxg6 15. dxc5 Nxc5 16. Nb3 Ne4 17. Nbd2 Nxd2 18. Nxd2 Qc7 19. Nb3 Nc4 20. Qe2 Qxe5 21. Qc2 Qc7 22. Rad1 a6 23. Nd2 Nxe3 24. Rxe3 Bc5 25. Rf3 Rad8 26. Nf1 Ba7 27. Ne3 b5 28. Qe2 Bb8 29. Ng4 e5 30. Rfd3 f5 31. Rxd5 Rxd5 32. Rxd5 fxg4 33. Qxg4 e4 34. Qxe4 Qh2+ 35. Kf1 Ba7 0-1

[Event "SVK-ch Seniors 50"]
[Site "Tatranske Matliare"]
[Date "2017.05.31"]
[Round "6"]
[White "Certek, Pavel"]
[Black "Breja, Stanislav"]
[Result "1-0"]
[WhiteElo "2223"]
[BlackElo "1945"]
[PlyCount "49"]
[EventDate "2017.05.27"]
[EventType "swiss"]
[EventRounds "9"]
[EventCountry "SVK"]
[SourceTitle "EXT 2023"]
[Source "ChessBase"]
[SourceDate "2022.10.05"]
[SourceVersion "1"]
[SourceVersionDate "2022.10.05"]
[SourceQuality "1"]

1. c4 c6 2. d4 d5 3. cxd5 cxd5 4. Nc3 Nf6 5. Bf4 e6 6. e3 Be7 7. Bd3 0-0 8. Nf3 a6 9. h3 b5 10. 0-0 b4 11. Na4 Bd7 12. Rc1 Bb5 13. Ne5 Nfd7 14. Re1 Bxd3 15. Nxd3 Ra7 16. Qc2 Nb6 17. Bxb8 Qxb8 18. Ne5 Nxa4 19. Nc6 Rc7 20. Qxa4 Qb7 21. Nxe7+ Rxe7 22. Rc6 Ra8 23. Rec1 g6 24. R1c5 Kg7 25. Ra5 1-0

[Event "SVK-ch Seniors 50"]
[Site "Tatranske Matliare"]
[Date "2017.05.27"]
[Round "1"]
[White "Sokol, Eduard"]
[Black "Breja, Stanislav"]
[Result "0-1"]
[WhiteElo "1682"]
[BlackElo "1945"]
[PlyCount "86"]
[EventDate "2017.05.27"]
[EventType "swiss"]
[EventRounds "9"]
[EventCountry "SVK"]
[SourceTitle "EXT 2023"]
[Source "ChessBase"]
[SourceDate "2022.10.05"]
[SourceVersion "1"]
[SourceVersionDate "2022.10.05"]
[SourceQuality "1"]

1. Nf3 Nf6 2. d4 d5 3. c4 dxc4 4. Nc3 a6 5. a4 e6 6. Bg5 c5 7. e4 h6 8. Bxf6 Qxf6 9. e5 Qg6 10. Bxc4 cxd4 11. Nxd4 Qxg2 12. Qf3 Qxf3 13. Nxf3 Bd7 14. Nd2 Nc6 15. f4 Rc8 16. Nce4 Nd4 17. 0-0 Nf5 18. Rfc1 Bb4 19. Bb3 0-0 20. Rc4 Rxc4 21. Nxc4 Bc6 22. Ng3 Nd4 23. Bd1 Bc5 24. Kf1 b5 25. axb5 Bxb5 26. b3 Rc8 27. Kg2 Bb4 28. Ne2 Nf5 29. Kf3 Rd8 30. Bc2 Bc6+ 31. Kf2 Bc5+ 32. Ke1 Ne3 33. Nxe3 Bxe3 34. Rxa6 Bb5 35. Rd6 Ra8 36. f5 Ra2 37. Rd8+ Kh7 38. Nc3 Rxc2 39. Nxb5 exf5 40. Nd6 f4 41. Nxf7 Kg6 42. Nd6 f3 43. Rf8 Rc1# 0-1

[Event "SVK-chT1W 1516"]
[Site "Slovakia"]
[Date "2016.02.20"]
[Round "8.8"]
[White "Kosar, Mikulas"]
[Black "Breja, Stanislav"]
[Result "1-0"]
[WhiteElo "1823"]
[BlackElo "1962"]
[PlyCount "49"]
[EventDate "2015.10.24"]
[EventType "team-tourn"]
[EventRounds "11"]
[EventCountry "SVK"]
[SourceTitle "EXT 2017"]
[Source "ChessBase"]
[SourceDate "2016.10.25"]
[SourceVersion "1"]
[SourceVersionDate "2016.10.25"]
[SourceQuality "1"]
[WhiteTeam "Gabcikovo"]
[BlackTeam "Bratislava Slovan III"]
[WhiteTeamCountry "SVK"]
[BlackTeamCountry "SVK"]

1. d4 d5 2. Nf3 Nf6 3. Bf4 e6 4. e3 Be7 5. Bd3 0-0 6. Nbd2 c5 7. c3 Nc6 8. Ne5 Nd7 9. Nxd7 Bxd7 10. h4 cxd4 11. exd4 Bf6 12. Qf3 e5 13. dxe5 Nxe5 14. Bxe5 Bxe5 15. 0-0-0 Be6 16. Bxh7+ Kxh7 17. Qh5+ Kg8 18. Qxe5 Qa5 19. a3 Rfe8 20. Qg5 Rac8 21. Ne4 b5 22. Nf6+ Kf8 23. Nxe8 Rxc3+ 24. Kb1 Rc6 25. Nxg7 1-0

[Event "SVK-chT2A 1516"]
[Site "Slovakia"]
[Date "2015.10.18"]
[Round "2.6"]
[White "Puchart, Vladimir"]
[Black "Breja, Stanislav"]
[Result "1/2-1/2"]
[WhiteElo "2031"]
[BlackElo "2002"]
[PlyCount "69"]
[EventDate "2015.10.17"]
[EventType "team-tourn"]
[EventRounds "11"]
[EventCountry "SVK"]
[SourceTitle "CBM 169 Extra"]
[Source "ChessBase"]
[SourceDate "2015.12.18"]
[SourceVersion "1"]
[SourceVersionDate "2015.12.18"]
[SourceQuality "1"]
[WhiteTeam "Trnava Lokomotiva II"]
[BlackTeam "Bratislava Slovan IV"]
[WhiteTeamCountry "SVK"]
[BlackTeamCountry "SVK"]

1. d4 d5 2. Nf3 Nf6 3. c4 dxc4 4. Nc3 a6 5. a4 e6 6. e3 c5 7. Bxc4 Nc6 8. 0-0 Be7 9. dxc5 Qxd1 10. Rxd1 Bxc5 11. h3 0-0 12. e4 e5 13. Bg5 Be6 14. Bd5 Rfe8 15. Rac1 Rab8 16. Ne2 Ba7 17. Ng3 Bxd5 18. exd5 Nd4 19. Bxf6 gxf6 20. Nxd4 Bxd4 21. Rc7 Rec8 22. Rdc1 Rxc7 23. Rxc7 Kg7 24. Nf5+ Kg6 25. Nxd4 exd4 26. Rc4 b5 27. Rb4 Kf5 28. d6 Ke5 29. axb5 a5 30. Ra4 Kxd6 31. Rxa5 Kc5 32. b6+ Kc4 33. Ra4+ Kc5 34. Ra5+ Kc4 35. Ra4+ 1/2-1/2

[Event "SVK-chT1W 0910"]
[Site "Slovakia"]
[Date "2009.11.15"]
[Round "4.6"]
[White "Pupak, Tomas"]
[Black "Breja, Stanislav"]
[Result "0-1"]
[WhiteElo "1908"]
[BlackElo "2078"]
[PlyCount "58"]
[EventDate "2009.10.17"]
[EventType "team"]
[EventRounds "11"]
[EventCountry "SVK"]
[SourceTitle "EXT 2011"]
[Source "ChessBase"]
[SourceDate "2010.11.26"]
[SourceVersion "1"]
[SourceVersionDate "2010.11.26"]
[SourceQuality "1"]
[WhiteTeam "Dubnica nad Vahom II"]
[BlackTeam "Bratislava Slovan III"]
[WhiteTeamCountry "SVK"]
[BlackTeamCountry "SVK"]

1. Nf3 Nf6 2. g3 d5 3. Bg2 e6 4. 0-0 Be7 5. d3 0-0 6. c4 b6 7. Nc3 Bb7 8. cxd5 exd5 9. Bf4 c5 10. d4 c4 11. Re1 Re8 12. e4 dxe4 13. Ne5 Nd5 14. Bxe4 Nxc3 15. Bxh7+ Kxh7 16. Qh5+ Kg8 17. Qxf7+ Kh7 18. Qg6+ Kg8 19. Bh6 Bf6 20. Qf7+ Kh7 21. Qg6+ Kg8 22. Ng4 Rf8 23. Bxg7 Bxg7 24. Nh6+ Kh8 25. Nf7+ Rxf7 26. Qxf7 Qd5 27. Re8+ Kh7 28. Qxd5 Nxd5 29. Rae1 Nc6 0-1

[Event "SVK-chT1E 0708"]
[Site "Slovakia"]
[Date "2007.11.10"]
[Round "3.6"]
[White "Breja, Stanislav"]
[Black "Lasch, Miroslav"]
[Result "0-1"]
[WhiteElo "2077"]
[BlackElo "2140"]
[PlyCount "76"]
[EventDate "2007.10.13"]
[EventType "team-swiss"]
[EventRounds "11"]
[EventCountry "SVK"]
[SourceTitle "EXT 2019"]
[Source "ChessBase"]
[SourceDate "2018.10.10"]
[SourceVersion "1"]
[SourceVersionDate "2018.10.10"]
[SourceQuality "1"]
[WhiteTeam "Bratislava Slovan III"]
[BlackTeam "Dubnica nad Vahom"]
[WhiteTeamCountry "SVK"]
[BlackTeamCountry "SVK"]

1. e4 d5 2. exd5 Qxd5 3. Nc3 Qd6 4. d4 Nf6 5. g3 c6 6. Bg2 Bg4 7. Nge2 e6 8. 0-0 Be7 9. a3 0-0 10. Bf4 Qd8 11. h3 Bh5 12. g4 Bg6 13. b4 a5 14. b5 Nd5 15. Nxd5 cxd5 16. Bxb8 Qxb8 17. f4 Rd8 18. Qd2 Qc8 19. c3 h6 20. a4 Qc4 21. Qa2 Bd3 22. Qxc4 Bxc4 23. Kf2 Rac8 24. Rfc1 Rd7 25. Bf1 Rdc7 26. Ke3 Bxe2 27. Bxe2 Rxc3+ 28. Rxc3 Rxc3+ 29. Bd3 Bf6 30. Ra2 g5 31. f5 exf5 32. gxf5 b6 33. Rc2 Ra3 34. Rc6 Kg7 35. Rd6 Rxa4 36. Rxd5 Rb4 37. Rd6 a4 38. d5 a3 0-1

[Event "SVK-chT2A 0506"]
[Site "Slovakia"]
[Date "2006.03.12"]
[Round "11"]
[White "Farkas, Vladimir"]
[Black "Breja, Stanislav"]
[Result "1/2-1/2"]
[WhiteElo "2061"]
[BlackElo "2091"]
[PlyCount "113"]
[EventDate "2005.10.22"]
[EventType "tourn"]
[EventRounds "11"]
[EventCountry "SVK"]
[SourceTitle "EXT 2009"]
[Source "ChessBase"]
[SourceDate "2008.11.26"]
[SourceVersion "1"]
[SourceVersionDate "2008.11.26"]
[SourceQuality "1"]

1. Nf3 Nf6 2. d3 d5 3. g3 Nc6 4. Bg2 e5 5. 0-0 Be6 6. Nbd2 Qd7 7. Ng5 Bg4 8. h3 Bf5 9. e4 dxe4 10. dxe4 Bg6 11. Qe2 0-0-0 12. c3 Qd3 13. Re1 Bc5 14. Ngf3 Qc2 15. Nh4 Rd3 16. Nxg6 hxg6 17. Kf1 Rhd8 18. Nb3 Qxe2+ 19. Kxe2 Bb6 20. Bg5 R8d6 21. Bxf6 gxf6 22. f3 f5 23. Rad1 Re3+ 24. Kf1 Rxd1 25. Rxd1 fxe4 26. fxe4 Rxg3 27. Nc1 Nd8 28. Rd3 Rg5 29. Ne2 Ne6 30. Bf3 f5 31. Rd5 Nf4 32. h4 Nxd5 33. exd5 e4 34. hxg5 exf3 35. Nf4 Be3 36. Nxg6 Bxg5 37. Ne5 Bc1 38. Nxf3 Bxb2 39. c4 Kd7 40. Ke2 Kd6 41. Kd3 Kc5 42. Nh4 f4 43. Nf3 b5 44. cxb5 Kxb5 45. Ke4 Bc1 46. Nd4+ Kc4 47. Ne6 f3 48. Kxf3 Kxd5 49. Nxc7+ Kc4 50. Ke4 a5 51. Nd5 Bg5 52. Kf5 Bd8 53. Ke4 a4 54. Ne3+ Kc3 55. Kd5 Kb2 56. Nd1+ Kc2 57. Kc4 1/2-1/2

[Event "SVK-chT2A 0506"]
[Site "Slovakia"]
[Date "2006.02.11"]
[Round "8.3"]
[White "Cvicela, Anton"]
[Black "Breja, Stanislav"]
[Result "1-0"]
[WhiteElo "2177"]
[BlackElo "2091"]
[PlyCount "87"]
[EventDate "2005.10.22"]
[EventType "tourn"]
[EventRounds "11"]
[EventCountry "SVK"]
[SourceTitle "EXT 2009"]
[Source "ChessBase"]
[SourceDate "2008.11.26"]
[SourceVersion "1"]
[SourceVersionDate "2008.11.26"]
[SourceQuality "1"]

1. e4 e5 2. Nf3 Nf6 3. Nc3 Bb4 4. Nxe5 d6 5. Nd3 Bxc3 6. dxc3 Nxe4 7. Be2 0-0 8. Be3 Be6 9. Nf4 Bf5 10. c4 Nd7 11. g4 Be6 12. Qd4 Nec5 13. g5 Bf5 14. Nh5 Ne6 15. Qd2 Ndc5 16. f3 Re8 17. 0-0-0 Bg6 18. Ng3 f5 19. gxf6 Qxf6 20. h4 a5 21. h5 Bf7 22. Rhg1 a4 23. a3 Ra6 24. Ne4 Nxe4 25. fxe4 c5 26. Rdf1 Qe5 27. Rf5 Qxe4 28. Bd3 Qh4 29. Bh6 Bxh5 30. Bxg7 Nxg7 31. Rfg5 Bg6 32. Bxg6 hxg6 33. Rxg6 Re7 34. Qg2 Re1+ 35. Kd2 Rxg1 36. Rxg7+ Kh8 37. Rg8+ Kh7 38. Qxg1 Qh6+ 39. Kd1 d5 40. cxd5 Rf6 41. Rg2 Qh5+ 42. Kc1 Qxd5 43. Qh2+ Rh6 44. Qc7+ 1-0

[Event "SVK-chT1W 0506"]
[Site "Slovakia"]
[Date "2006.??.??"]
[Round "?"]
[White "Breja, Stanislav"]
[Black "Petenyi, Tamas"]
[Result "1/2-1/2"]
[WhiteElo "2090"]
[BlackElo "2075"]
[PlyCount "33"]
[EventDate "2005.10.15"]
[EventType "tourn"]
[EventRounds "11"]
[EventCountry "SVK"]
[SourceTitle "EXT 2008"]
[Source "ChessBase"]
[SourceDate "2007.11.25"]
[SourceVersion "1"]
[SourceVersionDate "2007.11.25"]
[SourceQuality "1"]

1. e4 c5 2. c3 d6 3. d4 cxd4 4. cxd4 g6 5. Nf3 Nf6 6. Nc3 Bg7 7. Bc4 0-0 8. 0-0 Nxe4 9. Bxf7+ Rxf7 10. Nxe4 h6 11. h3 d5 12. Nc5 Nc6 13. Re1 Qd6 14. Be3 e5 15. dxe5 Nxe5 16. Nxe5 Bxe5 17. Bd4 1/2-1/2

[Event "SVK-chT2A 0506"]
[Site "Slovakia"]
[Date "2005.12.17"]
[Round "5.4"]
[White "Kucera, Michal"]
[Black "Breja, Stanislav"]
[Result "0-1"]
[WhiteElo "1988"]
[BlackElo "2091"]
[PlyCount "80"]
[EventDate "2005.10.22"]
[EventType "tourn"]
[EventRounds "11"]
[EventCountry "SVK"]
[SourceTitle "EXT 2009"]
[Source "ChessBase"]
[SourceDate "2008.11.26"]
[SourceVersion "1"]
[SourceVersionDate "2008.11.26"]
[SourceQuality "1"]

1. e4 e5 2. Nf3 Nf6 3. Nxe5 d6 4. Nf3 Nxe4 5. Nc3 Nxc3 6. dxc3 Nc6 7. Bf4 Be7 8. Qd2 0-0 9. 0-0-0 Be6 10. Kb1 Bf6 11. Bd3 Qd7 12. Bg5 Bxg5 13. Nxg5 Bf5 14. f4 h6 15. Nf3 Rfe8 16. Rhg1 Re7 17. g4 Bxg4 18. Qg2 f5 19. h3 Bh5 20. Rdf1 Bxf3 21. Qxf3 Rf8 22. b3 Nd8 23. Qh5 Rf6 24. Rg3 c6 25. Rfg1 Ne6 26. Qf3 Nc5 27. Qg2 Ne4 28. Rg6 Rxg6 29. Qxg6 Qe6 30. Bxe4 fxe4 31. f5 Qxg6 32. fxg6 e3 33. h4 e2 34. Re1 Re6 35. h5 Kf8 36. Kc1 Ke7 37. Kd2 Re5 38. Kd3 Ke6 39. c4 Kf5 40. b4 Kg4 0-1

[Event "SVK-chT1W 0506"]
[Site "Slovakia"]
[Date "2005.??.??"]
[Round "?"]
[White "Breja, Stanislav"]
[Black "Reisel, Frantisek"]
[Result "0-1"]
[WhiteElo "2090"]
[BlackElo "2110"]
[PlyCount "50"]
[EventDate "2005.10.15"]
[EventType "tourn"]
[EventRounds "11"]
[EventCountry "SVK"]
[SourceTitle "EXT 2008"]
[Source "ChessBase"]
[SourceDate "2007.11.25"]
[SourceVersion "1"]
[SourceVersionDate "2007.11.25"]
[SourceQuality "1"]

1. e4 c5 2. c3 Nc6 3. Nf3 d6 4. d4 cxd4 5. cxd4 Nf6 6. Nc3 g6 7. d5 Nb8 8. Be3 Bg7 9. Bd3 0-0 10. 0-0 Bg4 11. h3 Bxf3 12. Qxf3 Nbd7 13. Rac1 a6 14. b4 Rc8 15. a4 Ne5 16. Qe2 Nxd3 17. Qxd3 Nd7 18. f4 a5 19. b5 Nc5 20. Bxc5 Rxc5 21. Ne2 Qb6 22. Qe3 Rxb5 23. Qxb6 Rxb6 24. Rb1 Bb2 25. Rfc1 Bxc1 0-1

[Event "Bratislava Slovan op"]
[Site "Bratislava"]
[Date "2002.10.12"]
[Round "8"]
[White "Breja, Stanislav"]
[Black "Pales, Dusan"]
[Result "1-0"]
[WhiteElo "2130"]
[BlackElo "2033"]
[PlyCount "60"]
[EventDate "2002.04.27"]
[EventType "swiss"]
[EventRounds "9"]
[EventCountry "SVK"]
[SourceTitle "EXT 2004"]
[Source "ChessBase"]
[SourceDate "2003.11.25"]
[SourceVersion "1"]
[SourceVersionDate "2003.11.25"]
[SourceQuality "1"]

1. e4 c5 2. c3 d5 3. exd5 Qxd5 4. d4 Nc6 5. Nf3 Bg4 6. dxc5 Qxc5 7. Be3 Qa5 8. Bc4 e6 9. Nbd2 Nf6 10. Qb3 Qc7 11. Nd4 a6 12. h3 Bh5 13. 0-0 Bd6 14. Bg5 Bg6 15. N2f3 Ne4 16. Bxe6 Nc5 17. Qd5 Nxe6 18. Nxe6 fxe6 19. Qxe6+ Be7 20. Rfe1 Bf7 21. Qe4 0-0 22. Bxe7 Rfe8 23. Ng5 g6 24. Nxf7 Qxe7 25. Qxe7 Rxe7 26. Rxe7 Nxe7 27. Nd6 b5 28. Ne4 Rd8 29. Kf1 Nf5 30. a4 Kf7 1-0

[Event "SVK-chT1W 0102"]
[Site "Slovakia"]
[Date "2002.??.??"]
[Round "5"]
[White "Breja, Stanislav"]
[Black "Slapak, Zdenek"]
[Result "1/2-1/2"]
[WhiteElo "2120"]
[BlackElo "2156"]
[PlyCount "104"]
[EventDate "2001.10.??"]
[EventType "team-tourn"]
[EventRounds "11"]
[EventCountry "SVK"]
[SourceTitle "EXT 2007"]
[Source "ChessBase"]
[SourceDate "2006.11.23"]
[SourceVersion "1"]
[SourceVersionDate "2006.11.23"]
[SourceQuality "1"]

1. e4 c5 2. c3 d5 3. exd5 Qxd5 4. d4 Nf6 5. Nf3 e6 6. Na3 a6 7. Be3 cxd4 8. Bxd4 Nbd7 9. Nc4 Be7 10. Bxf6 Nxf6 11. Nb6 Qxd1+ 12. Rxd1 Rb8 13. g3 0-0 14. Bg2 Bc5 15. Nxc8 Rfxc8 16. Ne5 Rc7 17. 0-0 g6 18. Rd3 h5 19. Rfd1 a5 20. Nd7 Nxd7 21. Rxd7 Rxd7 22. Rxd7 b6 23. Bc6 Kf8 24. Kf1 Rc8 25. Bb5 Be7 26. Rb7 Bd8 27. c4 Kg7 28. b3 Kf6 29. Be8 Be7 30. Bb5 Bc5 31. Ke2 h4 32. g4 Rd8 33. Rd7 Rxd7 34. Bxd7 g5 35. Be8 Ke7 36. Bb5 f5 37. gxf5 exf5 38. h3 g4 39. hxg4 fxg4 40. Kf1 Kf6 41. Bc6 Ke5 42. Bd7 Kf4 43. Bc6 Ke5 44. Bd7 g3 45. fxg3 hxg3 46. Kg2 Kf4 47. Bc6 Bd6 48. Bb5 Ke3 49. a3 Kd4 50. b4 Kc3 51. bxa5 bxa5 52. a4 Kd4 1/2-1/2

[Event "SVK-chT1W 0102"]
[Site "Slovakia"]
[Date "2002.??.??"]
[Round "6"]
[White "Breja, Stanislav"]
[Black "Stanko, Ivan"]
[Result "1/2-1/2"]
[WhiteElo "2120"]
[BlackElo "2038"]
[PlyCount "63"]
[EventDate "2001.10.??"]
[EventType "team-tourn"]
[EventRounds "11"]
[EventCountry "SVK"]
[SourceTitle "EXT 2007"]
[Source "ChessBase"]
[SourceDate "2006.11.23"]
[SourceVersion "1"]
[SourceVersionDate "2006.11.23"]
[SourceQuality "1"]

1. e4 c6 2. d4 d5 3. e5 Bf5 4. c3 e6 5. Be3 Nd7 6. Nd2 Qc7 7. f4 Ne7 8. g4 Bg6 9. Ngf3 Qb6 10. b3 h5 11. Nh4 Bh7 12. gxh5 Nf5 13. Nxf5 Bxf5 14. Rg1 g6 15. hxg6 Bxg6 16. Rxg6 fxg6 17. Qg4 0-0-0 18. Qxe6 Bh6 19. Bh3 Kb8 20. Qxg6 Nxe5 21. fxe5 Bxe3 22. Qg3 Bxd2+ 23. Kxd2 Qc7 24. Rg1 Rdf8 25. e6 Qxg3 26. Rxg3 Rf2+ 27. Ke3 Rxh2 28. Bf5 Re8 29. Rg7 Rh6 30. Kf4 Rhxe6 31. Bxe6 Rxe6 32. Rg2 1/2-1/2